000 01024cam a22002895i 4500
001 011946625
003 EG-ScBUE
005 20250526104438.0
008 921102s2013 enka f b f001 0 eng d
020 _a9780199641390
020 _a0195072030 (pbk)
040 _aEG-ScBUE
_beng
_erda
_cEG-ScBUE
_dEG-ScBUE
082 0 4 _a530.15
_222
_bWON
100 1 _aWong, Chun Wa,
_938486
_d1938-
_eauthor.
245 1 0 _aIntroduction to mathematical physics :
_bmethods and concepts /
_cChun Wa Wong, Department of Physics and Astronomy, University of California, Los Angeles.
250 _aSecond edition.
264 1 _aOxford :
_bOxford University Press,
_c2013.
300 _axii, 716 pages :
_cillustrations ;
_b26 cm
336 _2rdacontent
_atext
_btxt
337 _2rdamedia
_aunmediated
_bn
338 _2rdacarrier
_avolume
_bnc
500 _aIncludes appendix.
504 _aIncludes bibliographical references and index.
650 7 _aMathematical physics.
_2BUEsh
_96575
655 _vReading book
942 _2ddc
_cBB
999 _c19543
_d19515